[Event "Open d'Aubagne 2018-2019"]
[Site "Aubagne"]
[Date "2018.12.08"]
[Round "4.27"]
[White "Garbe, Georges"]
[Black "Dektiannikov, Artiom"]
[Result "0-1"]
[WhiteElo "1221"]
[BlackElo "1129"]
[PlyCount "106"]
[EventDate "2018.??.??"]
[WhiteTeam "Cercle d'Echecs Aubagnais"]
[BlackTeam "Cassis Echecs"]

1. f4 Nc6 2. Nf3 d5 3. b3 Bf5 4. Bb2 Nf6 5. d3 d4 6. g3 e6 7. Nbd2 Bb4 8. Bg2
Qd6 9. O-O Ng4 10. Qc1 Ne3 11. Rf2 Nxg2 12. Kxg2 Qc5 13. a3 Bc3 14. Bxc3 Qxc3
15. Rf1 Qc5 16. Nc4 Bg4 17. b4 Qh5 18. h4 f6 19. Qb2 e5 20. fxe5 fxe5 21. Na5
Qf5 22. Nxc6 Bh3+ 23. Kf2 Bxf1 24. Rxf1 bxc6 25. Kg2 Qh5 26. Qc1 O-O 27. Qg5
Qxg5 28. hxg5 Rae8 29. Rh1 Rf5 30. Rh4 Rf7 31. Re4 Rfe7 32. Nh4 g6 33. g4 Rf8
34. Nf3 Rf4 35. Rxe5 Rxe5 36. Nxe5 Kg7 37. Kg3 Rf1 38. Nxc6 Rg1+ 39. Kf3 Ra1
40. Nxd4 Rxa3 41. Nb5 Ra2 42. Nxc7 Rxc2 43. Nd5 h6 44. gxh6+ Kxh6 45. Ne3 Rb2
46. Nd5 Kg7 47. e3 Kf7 48. g5 Ke6 49. d4 Rg2 50. Kf4 Kxd5 51. e4+ Kxd4 52. e5
Re2 53. b5 Rxe5 0-1

[Event "Open d'Aubagne 2018-2019"]
[Site "Aubagne"]
[Date "2018.12.08"]
[Round "4.28"]
[White "Madi, Mohammed"]
[Black "Autouard, Jean-Luc"]
[Result "0-1"]
[WhiteElo "1090"]
[BlackElo "1216"]
[PlyCount "64"]
[EventDate "2018.??.??"]
[WhiteTeam "La Ciotat Echecs (LCE)"]
[BlackTeam "Cercle d'Echecs Aubagnais"]

1. c4 e5 2. Nc3 Nc6 3. g3 f5 4. Bg2 Nf6 5. Nf3 e4 6. Nh4 d6 7. Nd5 Nxd5 8. cxd5
Ne5 9. d3 g5 10. d4 Nf7 11. Nxf5 Bxf5 12. Qb3 b6 13. Qc2 Qe7 14. Qc6+ Qd7 15.
Qxa8+ Ke7 16. Qxa7 Bg7 17. e3 h5 18. h4 Bh6 19. Qa6 gxh4 20. Rxh4 Bg5 21. Rh1
h4 22. gxh4 Bxh4 23. Kf1 Qe8 24. Qc4 Kd8 25. Qc6 Bd7 26. Qc2 Ng5 27. Qe2 Bb5
28. Qxb5 Qxb5+ 29. Kg1 Qe2 30. Kh2 Bxf2+ 31. Bh3 Rxh3+ 32. Kg2 Bxe3# 0-1

[Event "Open d'Aubagne 2018-2019"]
[Site "Aubagne"]
[Date "2018.12.08"]
[Round "4.29"]
[White "Madi, Walid"]
[Black "Turpin, Isabelle"]
[Result "1-0"]
[WhiteElo "1164"]
[BlackElo "1192"]
[PlyCount "49"]
[EventDate "2018.??.??"]
[WhiteTeam "La Ciotat Echecs (LCE)"]
[BlackTeam "Cercle d'Echecs Aubagnais"]

1. c4 c5 2. Nc3 Nf6 3. g3 d5 4. cxd5 Nxd5 5. Bg2 Nb4 6. Nf3 Bf5 7. d3 c4 8. e4
Nxd3+ 9. Kf1 Bxe4 10. Nxe4 Qb6 11. Qa4+ Nc6 12. Qxc4 Rd8 13. Be3 Qxb2 14. Rd1
Nde5 15. Rxd8+ Kxd8 16. Nxe5 Qxe5 17. Qxf7 Qa1+ 18. Ke2 Qb2+ 19. Bd2 Nd4+ 20.
Ke3 e5 21. Qd5+ Kc8 22. Bh3+ Kc7 23. Ba5+ b6 24. Qd7+ Kb8 25. Qc8# 1-0

[Event "Open d'Aubagne 2018-2019"]
[Site "Aubagne"]
[Date "2018.12.08"]
[Round "4.30"]
[White "Rieu, Jean"]
[Black "Periale, Francine"]
[Result "0-1"]
[WhiteElo "1186"]
[BlackElo "1052"]
[PlyCount "50"]
[EventDate "2018.??.??"]
[WhiteTeam "U.S.C.M."]
[BlackTeam "Cercle d'Echecs Aubagnais"]

1. Nf3 d5 2. d4 Nf6 3. Nc3 e6 4. a3 c5 5. Bf4 a6 6. e3 Nc6 7. Be2 b6 8. O-O Bd6
9. Re1 O-O 10. Ne5 Bb7 11. Nxc6 Bxc6 12. Bxd6 Qxd6 13. Na4 Bxa4 14. b3 Bc6 15.
Rb1 Ne4 16. Rb2 f5 17. c4 Nc3 18. Qd3 Nxe2+ 19. Rexe2 Rf6 20. b4 Rh6 21. g3 Rf8
22. bxc5 dxc4 23. Qc3 Qd5 24. f3 Qxf3 25. Rf2 Qh1# 0-1

[Event "Open d'Aubagne 2018-2019"]
[Site "Aubagne"]
[Date "2018.12.08"]
[Round "4.32"]
[White "Boudet, Nicole"]
[Black "Tramarin, Esteban"]
[Result "0-1"]
[WhiteElo "1068"]
[BlackElo "1170"]
[PlyCount "112"]
[EventDate "2018.??.??"]
[WhiteTeam "Cercle d'Echecs Aubagnais"]
[BlackTeam "La Ciotat Echecs (LCE)"]

1. e4 d5 2. exd5 Qxd5 3. Nc3 Qd6 4. Nf3 Nf6 5. Bc4 Ng4 6. Qe2 g6 7. h3 Nf6 8.
d3 Bg7 9. Nb5 Qd8 10. Bf4 Na6 11. O-O O-O 12. c3 Nd5 13. Bxd5 Qxd5 14. c4 Qc5
15. d4 Qf5 16. Bxc7 Qe6 17. Rae1 Qxe2 18. Rxe2 Bd7 19. Ba5 Bxb5 20. cxb5 Nb8
21. Rxe7 b6 22. Bb4 a6 23. Rfe1 axb5 24. Re8 Nd7 25. Rxa8 Rxa8 26. a3 Bf8 27.
Bxf8 Nxf8 28. d5 Rd8 29. Rd1 Ne6 30. d6 Nc7 31. Rd2 Ne6 32. Ne5 Nc5 33. b4 Ne4
34. Rd4 Nxd6 35. Nf3 Nb7 36. g4 Rxd4 37. Nxd4 Nd6 38. f4 f5 39. Kg2 Kf7 40. g5
h5 41. gxh6 Kg8 42. Nc6 Nc4 43. Ne5 Kh7 44. Nf7 Nxa3 45. Kf3 Nc2 46. Ke2 Nxb4
47. Kd2 Nd5 48. Kc2 Nxf4 49. h4 Ne6 50. Kc3 f4 51. Ng5+ Nxg5 52. hxg5 f3 53.
Kd2 b4 54. Kd1 f2 55. Ke2 f1=Q+ 56. Kxf1 b3 0-1

[Event "Open d'Aubagne 2018-2019"]
[Site "Aubagne"]
[Date "2018.12.08"]
[Round "4.33"]
[White "Rescanieres, Alice"]
[Black "Bedhouche, Rayan"]
[Result "1-0"]
[WhiteElo "1020"]
[BlackElo "1160"]
[PlyCount "67"]
[EventDate "2018.??.??"]
[WhiteTeam "La Ciotat Echecs (LCE)"]
[BlackTeam "Marseille-Echecs"]

1. Nf3 c5 2. Nc3 d5 3. d4 e6 4. Bf4 Nf6 5. Qd2 Nc6 6. O-O-O Rb8 7. Bxb8 Nxb8 8.
g3 a6 9. Bg2 Bd7 10. dxc5 Bxc5 11. Ne5 b5 12. Nxd7 Nbxd7 13. e4 d4 14. Ne2 e5
15. f4 exf4 16. Qxf4 Qb6 17. e5 Nh5 18. Qg4 Qg6 19. Qxg6 hxg6 20. Bc6 Ke7 21.
Nxd4 Nxe5 22. Rhe1 f6 23. Nb3 Bf2 24. Re2 Bb6 25. Rd7+ Ke6 26. Nd4+ Bxd4 27.
Rxd4 Kf7 28. Bd5+ Ke7 29. g4 Kf8 30. gxh5 Rxh5 31. Bb7 Rh3 32. Bxa6 Rf3 33.
Bxb5 Rf1+ 34. Rd1 1-0

[Event "Open d'Aubagne 2018-2019"]
[Site "Aubagne"]
[Date "2018.12.08"]
[Round "4.35"]
[White "Bhutra, Richard"]
[Black "Bhutra, Patricia"]
[Result "0-1"]
[WhiteElo "1010"]
[BlackElo "1010"]
[PlyCount "29"]
[EventDate "2018.??.??"]
[WhiteTeam "Club Provence Echecs"]
[BlackTeam "Club Provence Echecs"]

1. f4 d5 2. g3 e6 3. Bg2 Bb4 4. Nf3 f6 5. e3 Ne7 6. Nc3 O-O 7. d3 e5 8. fxe5
fxe5 9. Nxe5 c5 10. e4 d4 11. Bd2 dxc3 12. Bxc3 Bxc3+ 13. bxc3 Qc7 14. Ng4 Nd7
15. Kd2 0-1

[Event "Open d'Aubagne 2018-2019"]
[Site "Aubagne"]
[Date "2018.12.08"]
[Round "4.36"]
[White "Shelar, Rujuta"]
[Black "Roganova, Maxime"]
[Result "0-1"]
[WhiteElo "1240"]
[BlackElo "1009"]
[PlyCount "78"]
[EventDate "2018.??.??"]
[WhiteTeam "L'Echiquier du Roy René"]
[BlackTeam "Cercle d'Echecs Aubagnais"]

1. e4 e5 2. Nf3 Nc6 3. Bc4 Bc5 4. Nc3 Nf6 5. d3 O-O 6. Bg5 h6 7. Bh4 g5 8. Bg3
d6 9. h3 g4 10. hxg4 Nxg4 11. Qe2 Nd4 12. Nxd4 Bxd4 13. Nd5 Bxb2 14. Rb1 Bd4
15. f3 c6 16. fxg4 cxd5 17. Bxd5 Qg5 18. Kf1 Bxg4 19. Qe1 Kh7 20. c3 Bb6 21.
Bf2 Bxf2 22. Qxf2 f5 23. Rxb7+ Kg6 24. Qg3 Be2+ 25. Kf2 fxe4+ 26. Ke1 Qxg3+ 27.
Kxe2 Qf2+ 28. Kd1 exd3 29. Be4+ Rf5 30. Bxd3 Qxg2 31. Bxf5+ Kxf5 32. Rxh6 Qxb7
33. Rxd6 Qb1+ 34. Ke2 Qc2+ 35. Ke3 Qxc3+ 36. Rd3 Qe1+ 37. Kf3 e4+ 38. Kg2 Rg8+
39. Kh3 Qh1# 0-1

[Event "Open d'Aubagne 2018-2019"]
[Site "Aubagne"]
[Date "2018.12.08"]
[Round "4.37"]
[White "Lopez, Marcel"]
[Black "Bartolini, Manuela"]
[Result "0-1"]
[WhiteElo "1399"]
[BlackElo "1080"]
[PlyCount "94"]
[EventDate "2018.??.??"]
[WhiteTeam "Cassis Echecs"]
[BlackTeam "Cercle d'Echecs Aubagnais"]

1. e3 c5 2. Ne2 Nc6 3. b3 d5 4. Bb2 e5 5. Ng3 Nf6 6. Be2 g6 7. a3 Bg7 8. a4 a6
9. Ba3 b6 10. d3 O-O 11. O-O Re8 12. Bb2 d4 13. e4 Be6 14. f3 Nh5 15. Nxh5 gxh5
16. Re1 h4 17. Bf1 Qg5 18. Bc1 Qg6 19. Qe2 f5 20. f4 fxe4 21. dxe4 Bg4 22. Qf2
Rf8 23. Be2 Bxe2 24. Rxe2 Bh6 25. f5 Qf6 26. Bxh6 Qxh6 27. Na3 Nb4 28. Rf1 d3
29. Qe3 Qxe3+ 30. Rxe3 dxc2 31. Rc1 Rad8 32. Nxc2 Nxc2 33. Rxc2 Rd1+ 34. Kf2
Kf7 35. Ke2 Rh1 36. Rh3 Rg8 37. Kf2 Rg4 38. Kf3 Rf4+ 39. Ke3 Re1+ 40. Re2 Rxe2+
41. Kxe2 Rxe4+ 42. Kf3 Rb4 43. Rxh4 Rxh4 44. Kg3 Rb4 45. h4 Rxb3+ 46. Kg4 c4
47. g3 c3 0-1

[Event "Open d'Aubagne 2018-2019"]
[Site "Aubagne"]
[Date "2018.12.08"]
[Round "4.38"]
[White "Burnel, Marie-France"]
[Black "Corchia, Joseph"]
[Result "0-1"]
[WhiteElo "1042"]
[BlackElo "1399"]
[PlyCount "74"]
[EventDate "2018.??.??"]
[WhiteTeam "Cercle d'Echecs Aubagnais"]
[BlackTeam "Cercle d'Echecs Aubagnais"]

1. c4 c5 2. Nc3 g6 3. Nf3 Bg7 4. b3 d6 5. Bb2 e5 6. e4 Nf6 7. Bd3 a6 8. Ng5 O-O
9. h4 Bd7 10. f3 b5 11. Qc2 Nc6 12. Nd5 Nxd5 13. exd5 Nb4 14. Qc3 Nxd3+ 15.
Qxd3 e4 16. Qc2 exf3 17. Bxg7 fxg2 18. Rg1 Kxg7 19. Qc3+ Kg8 20. O-O-O b4 21.
Qd3 Qf6 22. Rxg2 Bf5 23. Ne4 Qa1+ 24. Kc2 Qxa2+ 25. Kc1 Qa3+ 26. Kc2 Qa2+ 27.
Kc1 Qa3+ 28. Kc2 Qa5 29. h5 Rfe8 30. Re1 Qa2+ 31. Kd1 Qa1+ 32. Kc2 Qxe1 33. Re2
Qh4 34. Qf3 Bxe4+ 35. Rxe4 Qxe4+ 36. Qxe4 Rxe4 37. hxg6 fxg6 0-1

[Event "Open d'Aubagne 2018-2019"]
[Site "Aubagne"]
[Date "2018.12.08"]
[Round "4.39"]
[White "Belaid, Myriam"]
[Black "Innocenti, Georges"]
[Result "0-1"]
[WhiteElo "1040"]
[BlackElo "1399"]
[PlyCount "48"]
[EventDate "2018.??.??"]
[WhiteTeam "Club Provence Echecs"]
[BlackTeam "Cercle d'Echecs Aubagnais"]

1. e4 e5 2. Nf3 Nc6 3. c3 Nf6 4. d3 d6 5. Bg5 Be7 6. d4 Nxe4 7. Bxe7 Qxe7 8.
Nbd2 Nxd2 9. Qxd2 exd4+ 10. Qe2 Qxe2+ 11. Bxe2 dxc3 12. bxc3 O-O 13. O-O Ne5
14. Ng5 f6 15. Nf3 Nxf3+ 16. Bxf3 c6 17. Rad1 d5 18. Rfe1 Bd7 19. Re7 Rad8 20.
Rde1 Rde8 21. Bh5 g6 22. Bd1 Rxe7 23. Rxe7 Re8 24. Rxd7 Re1# 0-1

[Event "Open d'Aubagne 2018-2019"]
[Site "Aubagne"]
[Date "2018.12.08"]
[Round "4.40"]
[White "Cayrou, Kylian"]
[Black "Prasant, Krishnan"]
[Result "0-1"]
[WhiteElo "1020"]
[BlackElo "1060"]
[PlyCount "92"]
[EventDate "2018.??.??"]
[WhiteTeam "Marseille-Echecs"]
[BlackTeam "Cassis Echecs"]

1. e4 e5 2. Nf3 Nf6 3. Nc3 Nc6 4. d4 exd4 5. Nxd4 Nxd4 6. Qxd4 h6 7. e5 Nh7 8.
Bd3 Ng5 9. Bxg5 Qxg5 10. Rg1 Be7 11. f4 Qh4+ 12. g3 Qxh2 13. Qe3 b6 14. Be4 Bc5
15. Rh1 Qxh1+ 16. Bxh1 Bxe3 17. Bxa8 c6 18. Nd1 Bc5 19. a3 b5 20. b4 Bb6 21.
Rc1 O-O 22. c4 Ba6 23. c5 Bc7 24. Bxc6 dxc6 25. Ne3 Rd8 26. Nf5 Kf8 27. g4 Bc8
28. Ke2 Bxf5 29. gxf5 Ke7 30. Rg1 Rg8 31. f6+ Kf8 32. Kd2 gxf6 33. Rxg8+ Kxg8
34. exf6 Bxf4+ 35. Kc3 h5 36. Kc2 h4 37. Kd1 h3 38. Ke1 h2 39. Ke2 h1=Q 40. Kd3
Qe1 41. Kc2 Qe3 42. Kb2 Qd3 43. Ka2 Qc3 44. Kb1 Qd2 45. Ka1 Be5+ 46. Kb1 Qb2#
0-1

[Event "Open d'Aubagne 2018-2019"]
[Site "Aubagne"]
[Date "2018.12.08"]
[Round "4.41"]
[White "Catanese, Sauveur"]
[Black "Pignol, Jeanne"]
[Result "1-0"]
[WhiteElo "1047"]
[BlackElo "1020"]
[PlyCount "75"]
[EventDate "2018.??.??"]
[WhiteTeam "Cercle d'Echecs Aubagnais"]
[BlackTeam "Cercle d'Echecs Aubagnais"]

1. Nf3 d6 2. d4 g6 3. c4 Bg7 4. e4 Nf6 5. Nc3 O-O 6. Be2 Nbd7 7. O-O c6 8. a4
a5 9. b3 b6 10. Re1 Bb7 11. Nd2 Qc7 12. Nf3 c5 13. d5 Ne5 14. Bb2 Bc8 15. Rb1
Qd7 16. Na2 Nxf3+ 17. Bxf3 g5 18. Bxf6 exf6 19. g4 Qc7 20. Nc3 Qd8 21. Ne2 f5
22. exf5 Qf6 23. Ng3 Bd7 24. Ne4 Qh6 25. Ng3 Be5 26. Nh5 f6 27. Rc1 Be8 28. Rc2
Bxh5 29. gxh5 g4 30. Bxg4 Qf4 31. f3 Qxh2+ 32. Rxh2 Bxh2+ 33. Kxh2 h6 34. Qd2
Kh7 35. Re7+ Kg8 36. Qg2 Rab8 37. Bh3+ Kh8 38. Qg7# 1-0